[Event "LTU-ch sf"]
[Site "Vilnius"]
[Date "2023.04.14"]
[Round "6"]
[White "Plutaite, Ausra"]
[Black "Blazys, Titas"]
[Result "0-1"]
[WhiteElo "1552"]
[BlackElo "1243"]
[PlyCount "58"]
[EventDate "2023.04.11"]
[EventType "swiss"]
[EventRounds "9"]
[EventCountry "LTU"]
[SourceTitle "CBM 213 Extra"]
[Source "ChessBase"]
[SourceDate "2023.05.31"]
[SourceVersion "1"]
[SourceVersionDate "2023.05.31"]
[SourceQuality "1"]

1. e4 e5 2. Nf3 Nc6 3. d4 exd4 4. Bc4 Nf6 5. e5 d5 6. Bb5 Nd7 7. 0-0 Bc5 8. Bxc6 bxc6 9. Nxd4 Bxd4 10. Qxd4 0-0 11. Nd2 Bb7 12. b3 c5 13. Qf4 Re8 14. Nf3 d4 15. Ng5 Nxe5 16. Bd2 h6 17. Nh3 Ng6 18. Qg3 Qd7 19. Rae1 Qc6 20. f3 c4 21. Bf4 cxb3 22. cxb3 Ba6 23. Rxe8+ Rxe8 24. Rc1 Nxf4 25. Rxc6 Ne2+ 26. Kf2 Nxg3 27. Rxa6 d3 28. Ra5 Nh1+ 29. Kf1 d2 0-1

[Event "Plunge op-B 41st"]
[Site "Plateliai"]
[Date "2022.07.20"]
[Round "4"]
[White "Gedvilaite, Barbora"]
[Black "Plutaite, Ausra"]
[Result "0-1"]
[WhiteElo "1446"]
[BlackElo "1538"]
[PlyCount "64"]
[EventDate "2022.07.18"]
[EventType "swiss"]
[EventRounds "9"]
[EventCountry "LTU"]
[SourceTitle "CBM 209 Extra"]
[Source "ChessBase"]
[SourceDate "2022.09.30"]
[SourceVersion "1"]
[SourceVersionDate "2022.09.30"]
[SourceQuality "1"]

1. e4 e6 2. d4 d5 3. e5 c5 4. c3 Qb6 5. Nf3 Nc6 6. Na3 cxd4 7. cxd4 Bb4+ 8. Bd2 Bxa3 9. bxa3 Nxd4 10. Qa4+ Nc6 11. Bd3 Nge7 12. Qg4 Ng6 13. 0-0 0-0 14. Bxg6 fxg6 15. h4 Rf5 16. Bg5 Nxe5 17. Nxe5 Rxe5 18. Qg3 Rf5 19. Rac1 e5 20. Rc2 Be6 21. Rfc1 Raf8 22. h5 gxh5 23. Bh6 R5f7 24. Bg5 e4 25. Rd2 d4 26. Rcd1 Bg4 27. Rc1 Qa5 28. Rxd4 Qxg5 29. Rc2 h4 30. Qb3 Bf3 31. g3 Qf5 32. Kh2 hxg3+ 0-1

[Event "Panevezys op-B"]
[Site "Panevezys"]
[Date "2022.07.02"]
[Round "4"]
[White "Plutaite, Ausra"]
[Black "Savicevs, Arsenijs"]
[Result "0-1"]
[WhiteElo "1538"]
[BlackElo "1845"]
[PlyCount "54"]
[EventDate "2022.07.01"]
[EventType "swiss"]
[EventRounds "7"]
[EventCountry "LTU"]
[SourceTitle "EXT 2023"]
[Source "ChessBase"]
[SourceDate "2022.10.05"]
[SourceVersion "1"]
[SourceVersionDate "2022.10.05"]
[SourceQuality "1"]

1. e4 c5 2. Nc3 Nc6 3. f4 g6 4. Bb5 Nd4 5. Nf3 Nxb5 6. Nxb5 Bg7 7. 0-0 Nf6 8. d3 d6 9. Qe1 0-0 10. Qh4 Qd7 11. Nc3 b5 12. h3 b4 13. Ne2 c4 14. f5 cxd3 15. cxd3 Ba6 16. Rd1 gxf5 17. Bh6 Bxh6 18. Qxh6 fxe4 19. Nh4 Bxd3 20. Nf4 Kh8 21. Nxd3 exd3 22. Rxd3 Rg8 23. Rf3 Qc6 24. Nf5 Qxf3 25. Nh4 Qh5 26. Qf4 Qg5 27. Qf2 Qc5 0-1

[Event "LTU-ch (Women)"]
[Site "Kaunas"]
[Date "2022.05.23"]
[Round "2"]
[White "Plutaite, Ausra"]
[Black "Perminaite, Guoda"]
[Result "0-1"]
[WhiteElo "1544"]
[BlackElo "1756"]
[PlyCount "112"]
[EventDate "2022.05.22"]
[EventType "tourn"]
[EventRounds "9"]
[EventCountry "LTU"]
[SourceTitle "CBM 208 Extra"]
[Source "ChessBase"]
[SourceDate "2022.07.31"]
[SourceVersion "1"]
[SourceVersionDate "2022.07.31"]
[SourceQuality "1"]

1. e4 e5 2. Nf3 Nc6 3. d4 exd4 4. Bc4 Bc5 5. c3 Nf6 6. cxd4 Bb4+ 7. Bd2 Bxd2+ 8. Nbxd2 d5 9. exd5 Nxd5 10. 0-0 0-0 11. Qc2 h6 12. Qe4 Nce7 13. Rae1 c6 14. Re2 Be6 15. Qe5 Re8 16. Rfe1 Qb6 17. Nb3 Ng6 18. Qd6 Rad8 19. Qc5 Nc7 20. Bxe6 Nxe6 21. Qf5 Ngf4 22. Re3 g6 23. Qg4 Qc7 24. Nc5 Ng7 25. Ne4 Nd5 26. Qh3 Nf5 27. Rb3 Kg7 28. Qg4 b6 29. h4 Qf4 30. Qxf4 Nxf4 31. g3 Ne6 32. Rc3 Nexd4 33. Kf1 Nxf3 34. Rxf3 Nd4 35. Rc3 c5 36. Nd2 Rxe1+ 37. Kxe1 Re8+ 38. Kf1 f5 39. b4 Nb5 40. Rc4 Rd8 41. Nb3 Na3 42. Rc3 c4 43. Nd4 Rxd4 44. Rxa3 Rd7 45. b5 Kf6 46. Rc3 Rc7 47. f4 Ke6 48. Ke2 Kd5 49. Ke3 Re7+ 50. Kd2 Kc5 51. a4 Kb4 52. Rc1 Rd7+ 53. Ke3 Rd3+ 54. Kf2 c3 55. Ra1 c2 56. Rc1 Kb3 0-1

[Event "LTU-ch sf"]
[Site "Kaunas"]
[Date "2021.09.26"]
[Round "4"]
[White "Plutaite, Ausra"]
[Black "Greicius, Pijus"]
[Result "0-1"]
[WhiteElo "1472"]
[BlackElo "2080"]
[PlyCount "50"]
[EventDate "2021.09.24"]
[EventType "swiss"]
[EventRounds "8"]
[EventCountry "LTU"]
[SourceTitle "EXT 2023"]
[Source "ChessBase"]
[SourceDate "2022.10.05"]
[SourceVersion "1"]
[SourceVersionDate "2022.10.05"]
[SourceQuality "1"]

1. e4 e5 2. Nf3 Nc6 3. Bc4 Nf6 4. Ng5 d5 5. exd5 Na5 6. Bb5+ c6 7. dxc6 bxc6 8. Bd3 Nd5 9. Nf3 Bd6 10. 0-0 0-0 11. Nxe5 Bxe5 12. Qh5 f5 13. g3 g6 14. Qe2 Re8 15. Re1 Bd7 16. Qf1 Nb7 17. Nc3 Nd6 18. Bc4 Nxc4 19. Qxc4 Bxc3 20. Rxe8+ Qxe8 21. dxc3 Qe1+ 22. Kg2 Re8 23. Qc5 f4 24. gxf4 Qe4+ 25. Kg1 Bh3 0-1

[Event "LTU-ch sf"]
[Site "Kaunas"]
[Date "2021.09.24"]
[Round "1"]
[White "Pidluznij, Gleb"]
[Black "Plutaite, Ausra"]
[Result "1-0"]
[WhiteElo "2008"]
[BlackElo "1472"]
[PlyCount "61"]
[EventDate "2021.09.24"]
[EventType "swiss"]
[EventRounds "8"]
[EventCountry "LTU"]
[SourceTitle "EXT 2023"]
[Source "ChessBase"]
[SourceDate "2022.10.05"]
[SourceVersion "1"]
[SourceVersionDate "2022.10.05"]
[SourceQuality "1"]

1. d4 e6 2. Bf4 c5 3. c3 cxd4 4. cxd4 Bb4+ 5. Nd2 Nf6 6. Ngf3 0-0 7. e3 d6 8. Be2 Nc6 9. 0-0 Bxd2 10. Qxd2 Qc7 11. Rac1 Qe7 12. Rfd1 e5 13. Bg5 Be6 14. d5 Bxd5 15. Bxf6 Qxf6 16. Qxd5 Rad8 17. a3 Rfe8 18. b4 e4 19. Nd4 Nxd4 20. Qxd4 Qg5 21. Qxa7 Qe5 22. Qxb7 Qb2 23. Bc4 Rf8 24. Qxe4 Qxa3 25. Rb1 Kh8 26. b5 Rb8 27. Qd4 Qa4 28. Bd5 Qa5 29. b6 Rfe8 30. Bxf7 Re7 31. Qxd6 1-0

[Event "Panevezys op-C"]
[Site "Panevezys"]
[Date "2021.08.01"]
[Round "6"]
[White "Mierina, Lauma"]
[Black "Plutaite, Ausra"]
[Result "1-0"]
[WhiteElo "1010"]
[BlackElo "1499"]
[PlyCount "101"]
[EventDate "2021.07.30"]
[EventType "swiss"]
[EventRounds "7"]
[EventCountry "LTU"]
[SourceTitle "EXT 2022"]
[Source "ChessBase"]
[SourceDate "2021.10.06"]
[SourceVersion "1"]
[SourceVersionDate "2021.10.06"]
[SourceQuality "1"]

1. e4 e6 2. d4 d5 3. e5 c5 4. c3 Qb6 5. f4 Nc6 6. Nf3 Nh6 7. g3 Nf5 8. Bh3 cxd4 9. Bxf5 dxc3 10. Nxc3 exf5 11. Nxd5 Qa5+ 12. Nc3 Bc5 13. Qe2 0-0 14. Be3 Bxe3 15. Qxe3 Nb4 16. Qe2 Qc5 17. a3 Nc6 18. Na4 Qa5+ 19. Nc3 Qb6 20. Na4 Qb3 21. Nc3 Be6 22. Qb5 Qc2 23. Qe2 Qxe2+ 24. Nxe2 Bd5 25. Kf2 Rad8 26. Rhd1 Bb3 27. Rxd8 Rxd8 28. Ke3 Bc2 29. Ned4 Be4 30. Nxc6 Rd3+ 31. Ke2 bxc6 32. Ng5 Rb3 33. Nxe4 fxe4 34. Rb1 Kf8 35. a4 a5 36. Rc1 Rxb2+ 37. Ke3 Rxh2 38. Rxc6 Ra2 39. Rc4 Ra3+ 40. Kxe4 Rxg3 41. Rc5 g6 42. Rxa5 h5 43. Ra8+ Kg7 44. Rb8 Ra3 45. a5 Rxa5 46. Rb1 Kf8 47. Rh1 Ra4+ 48. Kf3 Ke7 49. Rb1 Ke6 50. Rb6+ Kf5 51. Rf6# 1-0

[Event "Panevezys op-C"]
[Site "Panevezys"]
[Date "2021.07.31"]
[Round "4"]
[White "Pidluznij, Matvej"]
[Black "Plutaite, Ausra"]
[Result "0-1"]
[WhiteElo "1365"]
[BlackElo "1499"]
[PlyCount "80"]
[EventDate "2021.07.30"]
[EventType "swiss"]
[EventRounds "7"]
[EventCountry "LTU"]
[SourceTitle "EXT 2022"]
[Source "ChessBase"]
[SourceDate "2021.10.06"]
[SourceVersion "1"]
[SourceVersionDate "2021.10.06"]
[SourceQuality "1"]

1. e4 e6 2. d4 d5 3. e5 c5 4. c3 Qb6 5. Nf3 Nc6 6. a3 a5 7. Be2 cxd4 8. cxd4 Nh6 9. 0-0 Nf5 10. Bd3 Nfxd4 11. Be3 Nxf3+ 12. Qxf3 Qxb2 13. Nd2 Nxe5 14. Qe2 Bd7 15. Rab1 Qxa3 16. Bb5 Bc6 17. Rfc1 Bd6 18. Bf4 Ng6 19. Bxc6+ bxc6 20. Bxd6 Qxd6 21. Rb6 Qe5 22. Qf1 0-0 23. Rbxc6 Nf4 24. Kh1 h6 25. Nf3 Qe2 26. Qg1 Nd3 27. R1c2 Qe4 28. Qf1 Nb4 29. Re2 Qf4 30. Rc3 Rfc8 31. Rxc8+ Rxc8 32. Re1 d4 33. Qb5 Rc1 34. Rxc1 Qxc1+ 35. Ng1 d3 36. Qe8+ Kh7 37. Qxf7 d2 38. Qxe6 Qxg1+ 39. Kxg1 d1Q+ 40. Qe1 Qxe1# 0-1

[Event "Panevezys op-C"]
[Site "Panevezys"]
[Date "2021.07.30"]
[Round "2"]
[White "Griksaite, Laura"]
[Black "Plutaite, Ausra"]
[Result "0-1"]
[WhiteElo "1119"]
[BlackElo "1499"]
[PlyCount "66"]
[EventDate "2021.07.30"]
[EventType "swiss"]
[EventRounds "7"]
[EventCountry "LTU"]
[SourceTitle "EXT 2022"]
[Source "ChessBase"]
[SourceDate "2021.10.06"]
[SourceVersion "1"]
[SourceVersionDate "2021.10.06"]
[SourceQuality "1"]

1. e4 e6 2. d4 d5 3. e5 c5 4. Nf3 Qb6 5. c4 cxd4 6. cxd5 Bb4+ 7. Nbd2 exd5 8. Qa4+ Bd7 9. Qb3 Ne7 10. Bd3 Na6 11. 0-0 Nc5 12. Qc2 Nxd3 13. a3 Bxd2 14. Qxd2 Bb5 15. a4 Nxc1 16. Rfxc1 Bc4 17. b3 Qxb3 18. Qxd4 0-0 19. Rcb1 Qd3 20. Qc5 Ng6 21. Rd1 Qf5 22. Nd4 Qxe5 23. Re1 Qf6 24. Nf3 a6 25. Rab1 b5 26. axb5 axb5 27. Nd2 Ra2 28. Nf3 Nf4 29. Re5 Nd3 30. Qe3 Nxe5 31. Nxe5 Re2 32. Ng4 Qg6 33. Qf3 Qxb1# 0-1

[Event "LTU-ch (Women)"]
[Site "Vilnius"]
[Date "2020.11.21"]
[Round "2"]
[White "Plutaite, Ausra"]
[Black "Perminaite, Guoda"]
[Result "1/2-1/2"]
[WhiteElo "1400"]
[BlackElo "1757"]
[PlyCount "116"]
[EventDate "2020.11.20"]
[EventType "swiss"]
[EventRounds "6"]
[EventCountry "LTU"]
[SourceTitle "CBM 199 Extra"]
[Source "ChessBase"]
[SourceDate "2021.01.31"]
[SourceVersion "1"]
[SourceVersionDate "2021.01.31"]
[SourceQuality "1"]

1. e4 e5 2. Nf3 Nc6 3. d4 exd4 4. Bc4 Bc5 5. c3 Nf6 6. cxd4 Bb4+ 7. Bd2 Bxd2+ 8. Nbxd2 d5 9. exd5 Nxd5 10. Qb3 Nce7 11. 0-0 0-0 12. Rfe1 c6 13. Ne4 h6 14. Ne5 Qb6 15. Nc5 Qxb3 16. axb3 Rd8 17. g3 Kf8 18. Re2 Nc7 19. Nxf7 Rxd4 20. Rae1 Ned5 21. Nd6 Bh3 22. Bxd5 Rxd5 23. Ncxb7 Kg8 24. Re7 Nb5 25. Ne8 Nd4 26. Kh1 Nf3 27. Rc1 Kf8 28. Re3 Rxe8 29. Rxf3+ Kg8 30. Kg1 Re7 31. g4 Bxg4 32. Rg3 Bf5 33. Nc5 g6 34. Na4 Rd6 35. Rgc3 Rc7 36. Nc5 Kf7 37. Na6 Rb7 38. Rxc6 Rxc6 39. Rxc6 Rxb3 40. Rc7+ Kf6 41. Rxa7 Rxb2 42. Nc5 Rc2 43. Nb3 Rc4 44. Nd2 Rg4+ 45. Kh1 Rd4 46. Ra2 Be6 47. Rb2 Kf5 48. f3 Bd5 49. Kg2 Kf4 50. Ne4 g5 51. h3 Ra4 52. Rd2 Ra5 53. Rd4 Ra2+ 54. Nf2+ Ke5 55. Rb4 h5 56. Kg3 Ra3 57. Ne4 Bxe4 58. Rxe4+ Kf5 1/2-1/2

[Event "LTU-ch (Women)"]
[Site "Vilnius"]
[Date "2020.11.20"]
[Round "1"]
[White "Plutaite, Ausra"]
[Black "Sulikiene, Kristina"]
[Result "1-0"]
[WhiteElo "1400"]
[BlackElo "1892"]
[PlyCount "61"]
[EventDate "2020.11.20"]
[EventType "swiss"]
[EventRounds "6"]
[EventCountry "LTU"]
[SourceTitle "CBM 199 Extra"]
[Source "ChessBase"]
[SourceDate "2021.01.31"]
[SourceVersion "1"]
[SourceVersionDate "2021.01.31"]
[SourceQuality "1"]

1. e4 e5 2. Nf3 Nf6 3. Nxe5 d6 4. Nf3 Nxe4 5. d3 Nf6 6. d4 Be7 7. Bd3 0-0 8. 0-0 Bg4 9. Bg5 h6 10. Bh4 Nc6 11. c3 d5 12. Nbd2 Ne4 13. Bxe7 Qxe7 14. Re1 f5 15. Qb3 Qd7 16. Nxe4 fxe4 17. Bxe4 Be6 18. Bd3 Rxf3 19. gxf3 Rf8 20. Re3 Bh3 21. Rae1 Qd8 22. f4 Bc8 23. Be4 Ne7 24. Bf3 Rf7 25. Bxd5 Qxd5 26. Rxe7 Qxb3 27. axb3 Rxf4 28. Re8+ Rf8 29. R1e7 c6 30. Rxf8+ Kxf8 31. Rc7 1-0

[Event "LTU-ch (Women)"]
[Site "Vilnius"]
[Date "2019.03.20"]
[Round "6"]
[White "Ramanauskaite, Giedre"]
[Black "Plutaite, Ausra"]
[Result "1/2-1/2"]
[WhiteElo "1870"]
[BlackElo "1378"]
[PlyCount "94"]
[EventDate "2019.03.15"]
[EventType "swiss"]
[EventRounds "7"]
[EventCountry "LTU"]
[SourceTitle "EXT 2021"]
[Source "ChessBase"]
[SourceDate "2020.10.23"]
[SourceVersion "1"]
[SourceVersionDate "2020.10.23"]
[SourceQuality "1"]

1. b4 e5 2. Bb2 Bxb4 3. Bxe5 Nf6 4. Nf3 0-0 5. g3 Nc6 6. Bb2 d5 7. Bg2 Bf5 8. 0-0 Qd6 9. c3 Ba5 10. Ba3 Qe6 11. Bxf8 Rxf8 12. d3 Re8 13. Re1 d4 14. Qc2 dxc3 15. Nxc3 Nd5 16. Nxd5 Bxe1 17. Rxe1 Qxd5 18. e4 Qa5 19. Rb1 Bc8 20. Rb2 h5 21. Qc4 Ne5 22. Nxe5 Rxe5 23. d4 Re6 24. Qe2 Rc6 25. h4 Bg4 26. f3 Bc8 27. Rb5 Qa6 28. Qb2 Rg6 29. Kh2 Qd6 30. f4 Rh6 31. Bh3 Bxh3 32. Kxh3 Qe6+ 33. Kh2 Qxe4 34. Rxb7 Rc6 35. Rxc7 Rxc7 36. Qb8+ Kh7 37. Qxc7 Qe2+ 38. Kg1 Qe1+ 39. Kg2 Qe2+ 40. Kg1 Qxa2 41. Qe5 Qb1+ 42. Kf2 Qc2+ 43. Kf1 Qd1+ 44. Kf2 Qd2+ 45. Kf1 Qd3+ 46. Kf2 Qd2+ 47. Kf1 Qd1+ 1/2-1/2

[Event "LTU-ch (Women)"]
[Site "Vilnius"]
[Date "2019.03.15"]
[Round "1"]
[White "Ditmonaite, Viktorija"]
[Black "Plutaite, Ausra"]
[Result "0-1"]
[WhiteElo "1871"]
[BlackElo "1378"]
[PlyCount "70"]
[EventDate "2019.03.15"]
[EventType "swiss"]
[EventRounds "7"]
[EventCountry "LTU"]
[SourceTitle "CBM 189 Extra"]
[Source "ChessBase"]
[SourceDate "2019.06.03"]
[SourceVersion "1"]
[SourceVersionDate "2019.06.03"]
[SourceQuality "1"]

1. d4 e6 2. c4 d5 3. Nf3 Nf6 4. Bg5 Be7 5. Nc3 a6 6. cxd5 exd5 7. e3 b6 8. Be2 Bb7 9. 0-0 0-0 10. Ne5 Ne4 11. Bxe7 Qxe7 12. Nxe4 dxe4 13. Bc4 Nd7 14. Nxd7 Qxd7 15. Qe2 Qf5 16. Rac1 Rfd8 17. Rc3 Rd6 18. Rfc1 Rg6 19. Qf1 Bc8 20. Bb3 c5 21. dxc5 Qf3 22. Bd1 Qf6 23. g3 bxc5 24. Rxc5 Bd7 25. b4 h5 26. Bxh5 Rh6 27. Qc4 Re8 28. Qd5 Bh3 29. Rc7 Be6 30. Qd1 Qf5 31. g4 Qg5 32. R7c5 Qh4 33. Rc7 g6 34. Qd4 gxh5 35. Qxe4 hxg4 0-1

[Event "Klaipeda Sea op-A 15th"]
[Site "Klaipeda"]
[Date "2018.07.29"]
[Round "7"]
[White "Sevcenko, Piotr"]
[Black "Plutaite, Ausra"]
[Result "0-1"]
[WhiteElo "1182"]
[BlackElo "1456"]
[PlyCount "27"]
[EventDate "2018.07.23"]
[EventType "swiss"]
[EventRounds "7"]
[EventCountry "LTU"]
[SourceTitle "CBM 186 Extra"]
[Source "ChessBase"]
[SourceDate "2018.08.24"]
[SourceVersion "1"]
[SourceVersionDate "2018.08.24"]
[SourceQuality "1"]

1. e4 e6 2. e5 d5 3. d4 c5 4. c3 Qb6 5. Nf3 Nc6 6. Be2 cxd4 7. cxd4 Nge7 8. 0-0 Nf5 9. Nc3 Nfxd4 10. Nxd4 Nxd4 11. Bd3 Bc5 12. Na4 Qc7 13. Nxc5 Qxc5 14. Be3 0-1

[Event "Klaipeda Sea op-A 15th"]
[Site "Klaipeda"]
[Date "2018.07.27"]
[Round "5"]
[White "Plutaite, Ausra"]
[Black "Pakalniskis, Romas"]
[Result "0-1"]
[WhiteElo "1456"]
[BlackElo "1659"]
[PlyCount "103"]
[EventDate "2018.07.23"]
[EventType "swiss"]
[EventRounds "7"]
[EventCountry "LTU"]
[SourceTitle "CBM 186 Extra"]
[Source "ChessBase"]
[SourceDate "2018.08.24"]
[SourceVersion "1"]
[SourceVersionDate "2018.08.24"]
[SourceQuality "1"]

1. e4 c5 2. Nc3 Nc6 3. f4 g6 4. Nf3 Bg7 5. Bb5 Nd4 6. 0-0 a6 7. Bc4 e6 8. e5 b5 9. Bb3 Bb7 10. Nxd4 cxd4 11. Ne2 Qb6 12. d3 Ne7 13. Qe1 Nf5 14. Ng3 Nxg3 15. Qxg3 d6 16. Bd2 0-0 17. Bb4 a5 18. Bxd6 a4 19. Bxf8 Rxf8 20. Bxe6 fxe6 21. h4 Rf5 22. Qf2 Bxe5 23. Qd2 Bg7 24. Rae1 b4 25. Qe2 Bd5 26. b3 Rf8 27. bxa4 Bxa2 28. Ra1 Bd5 29. Qd2 Rc8 30. Rfb1 Rc3 31. Rb2 Qa5 32. Qe2 Ra3 33. Qf1 Rxa1 34. Qxa1 h5 35. Qe1 Bf8 36. Qe5 Qxa4 37. Kh2 Qe8 38. Rb1 Bg7 39. Qg5 Qf8 40. Qxg6 Qxf4+ 41. Kg1 Qg4 42. Qxg4 hxg4 43. Rxb4 g3 44. Rb1 Bf6 45. Rf1 Kg7 46. Rf4 Kg6 47. Kf1 e5 48. Rg4+ Kh5 49. Rxg3 Bxh4 50. Rg7 Bf6 51. g4+ Kh6 52. Rd7 0-1

[Event "Klaipeda Sea op-A 15th"]
[Site "Klaipeda"]
[Date "2018.07.23"]
[Round "1"]
[White "Perminaite, Guoda"]
[Black "Plutaite, Ausra"]
[Result "1-0"]
[WhiteElo "1880"]
[BlackElo "1456"]
[PlyCount "119"]
[EventDate "2018.07.23"]
[EventType "swiss"]
[EventRounds "7"]
[EventCountry "LTU"]
[SourceTitle "CBM 186 Extra"]
[Source "ChessBase"]
[SourceDate "2018.08.24"]
[SourceVersion "1"]
[SourceVersionDate "2018.08.24"]
[SourceQuality "1"]

1. e4 e6 2. d4 d5 3. Nc3 Nf6 4. e5 Nfd7 5. f4 c5 6. Nf3 Nc6 7. Be3 cxd4 8. Nxd4 Bc5 9. Qd2 Qb6 10. Na4 Qb4 11. Qxb4 Nxb4 12. Nxc5 Nxc5 13. a3 Nba6 14. Nb5 Ne4 15. Nxa7 0-0 16. Nb5 Bd7 17. Rc1 Rfc8 18. Nd4 Nac5 19. Bd3 Nxd3+ 20. cxd3 Rxc1+ 21. Bxc1 Rc8 22. Ke2 Nc5 23. Bd2 Na4 24. b3 Nb6 25. Rc1 Ra8 26. Bb4 Rc8 27. Rxc8+ Nxc8 28. a4 h6 29. Kd2 b6 30. Ba3 Kh7 31. h3 Kg6 32. g3 h5 33. Kc3 Na7 34. Bd6 f6 35. Nf3 b5 36. Bc5 Nc8 37. a5 Bc6 38. a6 Kf7 39. Nd4 Bd7 40. a7 Nxa7 41. Bxa7 g5 42. Kb4 Kg6 43. Nxb5 gxf4 44. gxf4 Kf5 45. Nd6+ Kg6 46. h4 f5 47. Kc5 Kg7 48. Bb6 Kf8 49. Bd8 Kg7 50. b4 Kf8 51. b5 Bxb5 52. Kxb5 Kg7 53. Kc6 Kg8 54. Kd7 Kg7 55. Kxe6 d4 56. Nxf5+ Kh8 57. Kf7 Kh7 58. Nxd4 Kh6 59. Ne6 Kh7 60. Nf8+ 1-0